| 000 | 00500nam a2200181Ia 4500 | ||
|---|---|---|---|
| 003 | GCL | ||
| 008 | 140319s9999 xx 000 0 eng d | ||
| 040 |
_aGCL / _cGCL |
||
| 082 | 0 | 4 |
_a956.04 _bC F |
| 100 | 1 | _aCORM, GEORGES G | |
| 245 | 1 | 0 |
_aFRAGMENTATION OF THE MIDDLE EAST: THE LAST THIRTY YEARS / _cCORM, GEORGES G |
| 260 |
_a[S.N] : _bHUTCHINSON & CO LTD ، _c1980 |
||
| 300 | _a282 P | ||
| 650 | 0 | 4 | _aMIDDLE EAST - 1945 - 1980 |
| 650 | 0 | 4 | _aHISTORY |
| 650 | 0 | 4 | _aMIDDLE EAST |
| 942 |
_2ddc _cBK |
||
| 999 |
_c13994 _d13994 |
||